[Event "AUTO-OPEN-3515"]
[Site "http://www.queenalice.com/game.php?id=1372772"]
[Date "2015.7.22"]
[Round "1"]
[White "Philchess"]
[Black "rsgaspar"]
[Result "0-1"]
[WhiteElo "1650"]
[BlackElo "2468"]

1. c4 e5 2. e3 Nf6 3. d3 Bb4+ 4. Bd2 Bxd2+ 5. Qxd2 O-O 6. Nf3 Re8 7. Nc3 Nc6 8.
Be2 d6 9. O-O Bf5 10. e4 Bg4 11. h3 Bxf3 0-1

[Event "AUTO-INT-3027"]
[Site "http://www.queenalice.com/game.php?id=1372865"]
[Date "2015.7.23"]
[Round "1"]
[White "Philchess"]
[Black "stride"]
[Result "0-1"]
[WhiteElo "1489"]
[BlackElo "1397"]

1. d4 d5 2. e3 Nf6 3. c4 e6 4. Nf3 Bb4+ 5. Bd2 a5 6. Bxb4 axb4 7. b3 Ne4 8. Bd3
Nc3 9. Nxc3 bxc3 10. Qc2 Ra3 11. Qxc3 Nc6 12. cxd5 exd5 0-1

[Event "AUTO-INT-3027"]
[Site "http://www.queenalice.com/game.php?id=1372866"]
[Date "2015.7.23"]
[Round "1"]
[White "stride"]
[Black "Philchess"]
[Result "1-0"]
[WhiteElo "1417"]
[BlackElo "1469"]

1. e4 c5 2. d3 e6 3. Nc3 d6 4. Bf4 e5 5. Bg3 Nf6 6. Bh4 Be7 7. Nd5 Nbd7 8. Be2
O-O 9. Qd2 Nxd5 10. exd5 Bxh4 11. g3 Bg5 12. Qc3 1-0

[Event "AUTO-INT-3027"]
[Site "http://www.queenalice.com/game.php?id=1372867"]
[Date "2015.7.23"]
[Round "1"]
[White "Philchess"]
[Black "joseluisgrilo"]
[Result "0-1"]
[WhiteElo "1646"]
[BlackElo "1739"]

1. d4 d5 2. e3 Nf6 3. c4 c6 4. Nf3 Nbd7 5. b3 dxc4 6. Bxc4 h6 7. h3 e6 8. Nc3
Bb4 9. Bd2 O-O 10. a3 Bxc3 11. Bxc3 b5 12. Bd3 a5 13. O-O Bb7 14. Re1 Re8 15.
Qe2 Nb6 16. e4 Nh5 17. Qe3 a4 18. bxa4 Nxa4 19. Bb4 Nb6 0-1

[Event "AUTO-INT-3027"]
[Site "http://www.queenalice.com/game.php?id=1372868"]
[Date "2015.7.23"]
[Round "1"]
[White "joseluisgrilo"]
[Black "Philchess"]
[Result "1-0"]
[WhiteElo "1751"]
[BlackElo "1634"]

1. e4 c5 2. Bc4 e6 3. Nf3 d6 4. O-O a6 5. d4 Nf6 6. Nc3 Nc6 7. e5 dxe5 8. d5
exd5 9. Nxd5 b5 10. Nxf6+ Qxf6 11. Be2 h6 12. h3 Bd6 13. Nh2 Bb7 14. Ng4 Qe6 15.
Re1 O-O 16. Be3 Rad8 17. Qc1 g5 18. h4 Qg6 19. hxg5 hxg5 20. Bxg5 1-0

[Event "AUTO-INT-3027"]
[Site "http://www.queenalice.com/game.php?id=1372869"]
[Date "2015.7.23"]
[Round "1"]
[White "Philchess"]
[Black "spkveidt"]
[Result "0-1"]
[WhiteElo "1554"]
[BlackElo "1569"]

1. d4 f5 2. Nf3 Nf6 3. e3 Nc6 4. c4 d6 5. Bd3 e5 6. dxe5 dxe5 7. Be2 Ne4 8. Nbd2
Be6 9. a3 g5 10. h3 Qf6 11. O-O O-O-O 12. b4 Nc3 0-1

[Event "AUTO-INT-3027"]
[Site "http://www.queenalice.com/game.php?id=1372870"]
[Date "2015.7.23"]
[Round "1"]
[White "spkveidt"]
[Black "Philchess"]
[Result "1-0"]
[WhiteElo "1552"]
[BlackElo "1571"]

1. e4 c5 2. Nf3 d6 3. h3 e6 4. c3 a6 5. a3 Nf6 6. e5 dxe5 7. Nxe5 Bd6 8. d4 b6
9. a4 a5 10. Na3 O-O 11. Bd3 cxd4 12. cxd4 Bxa3 13. bxa3 1-0

[Event "AUTO-ADV-3458"]
[Site "http://www.queenalice.com/game.php?id=1372918"]
[Date "2015.7.23"]
[Round "1"]
[White "Jackzapo"]
[Black "Philchess"]
[Result "1-0"]
[WhiteElo "1823"]
[BlackElo "1615"]

1. c4 c5 2. Nc3 e6 3. d4 cxd4 4. Qxd4 Nc6 5. Qd1 Nf6 6. Nf3 Bb4 7. Qc2 a6 8. a3
Bxc3+ 9. Qxc3 d5 10. cxd5 exd5 11. e3 1-0

[Event "AUTO-ADV-3458"]
[Site "http://www.queenalice.com/game.php?id=1372919"]
[Date "2015.7.23"]
[Round "1"]
[White "Philchess"]
[Black "Jackzapo"]
[Result "0-1"]
[WhiteElo "1623"]
[BlackElo "1815"]

1. e4 c5 2. d4 cxd4 3. Qxd4 Nc6 4. Qd1 d6 5. Nf3 a6 6. a3 Qc7 7. Bd3 Nf6 8. Nbd2
e5 9. O-O Be7 10. Qe2 O-O 0-1

[Event "AUTO-ADV-3458"]
[Site "http://www.queenalice.com/game.php?id=1372932"]
[Date "2015.7.23"]
[Round "1"]
[White "roqqk"]
[Black "Philchess"]
[Result "1-0"]
[WhiteElo "1751"]
[BlackElo "1701"]

1. e4 Nf6 2. d3 e5 3. Bg5 h6 4. Bxf6 Qxf6 5. Nc3 c6 6. Nf3 Bb4 7. a3 Bxc3+ 8.
bxc3 O-O 9. d4 d6 10. d5 cxd5 11. exd5 e4 12. Nd4 Re8 13. Bb5 Bd7 14. O-O Bxb5
15. Nxb5 Qe7 16. c4 a6 17. Nd4 Nd7 18. Rb1 Rab8 19. Nf5 Qe5 20. Qg4 Qf6 21. f3
Ne5 22. Qxe4 Ng6 23. Qg4 Ne5 24. Qf4 g5 25. Qe4 Ng6 26. Qg4 Ne5 27. Qe4 Ng6 28.
Qd3 Kh7 29. Rb6 1-0

[Event "AUTO-ADV-3458"]
[Site "http://www.queenalice.com/game.php?id=1372933"]
[Date "2015.7.23"]
[Round "1"]
[White "Philchess"]
[Black "roqqk"]
[Result "0-1"]
[WhiteElo "1716"]
[BlackElo "1736"]

1. d4 d5 2. e3 Bf5 3. Nf3 Nc6 4. c4 e6 5. b3 dxc4 6. Bxc4 Nf6 7. Nc3 Bb4 8. Bd2
a6 9. h3 b5 10. Be2 Bxc3 11. Bxc3 Nd5 12. Qd2 b4 13. Bb2 O-O 14. O-O Qf6 15. Bc4
Qg6 16. h4 Bh3 17. Ng5 f6 18. Nxh3 Rad8 19. Bxa6 Rb8 20. Bc4 Na5 21. Bxd5 exd5
22. Nf4 Qg4 23. g3 Nc6 24. a3 g5 25. hxg5 fxg5 0-1

[Event "AUTO-ADV-3458"]
[Site "http://www.queenalice.com/game.php?id=1372940"]
[Date "2015.7.23"]
[Round "1"]
[White "Elcid"]
[Black "Philchess"]
[Result "1-0"]
[WhiteElo "1846"]
[BlackElo "1576"]

1. d4 d5 2. Nf3 e6 3. g3 c5 4. c4 b6 5. Bg2 Nf6 6. cxd5 exd5 7. O-O Be7 8. Nc3
Bb7 9. Bg5 Nbd7 10. Bxf6 Nxf6 11. Qc2 1-0

[Event "AUTO-ADV-3460"]
[Site "http://www.queenalice.com/game.php?id=1373426"]
[Date "2015.7.26"]
[Round "1"]
[White "novoselic"]
[Black "Philchess"]
[Result "1-0"]
[WhiteElo "2038"]
[BlackElo "1539"]

1. e4 c5 2. d4 cxd4 3. c3 dxc3 4. Nxc3 e6 5. Nf3 d6 6. Bc4 a6 7. O-O Nc6 8. Qe2
Nf6 9. Rd1 Be7 10. Bf4 O-O 11. Rac1 b5 12. Bb3 1-0

[Event "AUTO-ADV-3460"]
[Site "http://www.queenalice.com/game.php?id=1373427"]
[Date "2015.7.26"]
[Round "1"]
[White "Philchess"]
[Black "novoselic"]
[Result "0-1"]
[WhiteElo "1537"]
[BlackElo "2040"]

1. e4 c5 2. Bc4 e6 3. Nc3 Nc6 4. Nf3 Nf6 5. O-O d5 6. exd5 exd5 7. Re1+ Be6 8.
Bb5 Be7 9. Bxc6+ bxc6 10. d3 O-O 11. Bg5 h6 0-1

[Event "AUTO-ADV-3460"]
[Site "http://www.queenalice.com/game.php?id=1373444"]
[Date "2015.7.26"]
[Round "1"]
[White "Philchess"]
[Black "celsolrc"]
[Result "0-1"]
[WhiteElo "1667"]
[BlackElo "2012"]

1. d4 e6 2. Nf3 c5 3. c4 a6 4. e3 Nf6 5. b3 Nc6 6. Bd3 Be7 7. O-O O-O 8. Re1 d5
9. Nc3 Nb4 10. cxd5 Nxd3 11. Qxd3 Nxd5 12. e4 Nb4 13. Qd2 cxd4 14. Nxd4 Bg5 15.
Qe2 Bxc1 0-1

[Event "AUTO-ADV-3460"]
[Site "http://www.queenalice.com/game.php?id=1373445"]
[Date "2015.7.26"]
[Round "1"]
[White "celsolrc"]
[Black "Philchess"]
[Result "1-0"]
[WhiteElo "2010"]
[BlackElo "1669"]

1. e4 Nf6 2. Nc3 e5 3. Bc4 Nc6 4. d3 d6 5. a3 a6 6. Nge2 b5 7. Ba2 Be7 8. O-O
Bb7 9. Nd5 O-O 10. Nxe7+ Qxe7 11. f4 exf4 12. Bxf4 h6 13. Be3 Ne5 14. Nd4 Nfg4
15. Nf5 Qf6 16. Nxh6+ Qxh6 17. Bxh6 1-0

[Event "AUTO-ADV-3460"]
[Site "http://www.queenalice.com/game.php?id=1373446"]
[Date "2015.7.26"]
[Round "1"]
[White "Philchess"]
[Black "Paulsains"]
[Result "0-1"]
[WhiteElo "1678"]
[BlackElo "1863"]

1. c4 e5 2. e4 Bc5 3. Nf3 Nc6 4. d3 h6 5. h3 Nf6 6. a3 O-O 7. Be2 Nd4 8. Nxd4
Bxd4 9. O-O d6 10. Nd2 Nh7 11. Nf3 Bb6 12. Nh2 Be6 13. Bg4 Bxg4 14. Nxg4 Qh4 15.
Qf3 Ng5 0-1

[Event "AUTO-ADV-3460"]
[Site "http://www.queenalice.com/game.php?id=1373447"]
[Date "2015.7.26"]
[Round "1"]
[White "Paulsains"]
[Black "Philchess"]
[Result "1-0"]
[WhiteElo "1854"]
[BlackElo "1687"]

1. e4 c5 2. Nf3 d6 3. Bb5+ Bd7 4. Bxd7+ Qxd7 5. O-O e6 6. d3 Nf6 7. Bg5 Be7 8.
Nc3 h6 9. Bh4 Nc6 10. Re1 e5 11. Bg3 Nd4 12. Nxd4 cxd4 13. Ne2 O-O 14. c3 dxc3
15. Nxc3 b5 16. d4 1-0

[Event "AUTO-OPEN-3517"]
[Site "http://www.queenalice.com/game.php?id=1373500"]
[Date "2015.7.26"]
[Round "1"]
[White "LOMBARDY"]
[Black "Philchess"]
[Result "1-0"]
[WhiteElo "2122"]
[BlackElo "1593"]

1. e4 c5 2. Nf3 d6 3. d4 cxd4 4. Nxd4 e5 5. Nb5 a6 6. N5c3 Nf6 7. Bg5 Nbd7 8.
Bd3 Be7 9. Nd2 h6 10. Be3 O-O 11. O-O b5 12. a3 Bb7 13. Qe2 Nh7 14. f4 exf4 15.
Bxf4 g5 16. Bg3 Kg7 17. Nd5 1-0

[Event "AUTO-OPEN-3517"]
[Site "http://www.queenalice.com/game.php?id=1373501"]
[Date "2015.7.26"]
[Round "1"]
[White "Philchess"]
[Black "LOMBARDY"]
[Result "0-1"]
[WhiteElo "1591"]
[BlackElo "2123"]

1. Nf3 Nf6 2. g3 g6 3. Bg2 Bg7 4. d3 O-O 5. O-O d5 6. Bg5 Nbd7 7. e3 c6 8. Bxf6
Bxf6 9. c3 e5 10. Qe2 Bg7 11. e4 dxe4 12. dxe4 Qb6 13. b4 a5 14. bxa5 Qxa5 15.
c4 Nc5 0-1